Personnages d'anime (manga) en images - W - Statistiques

Statistiques générales
  • Ce quiz a été pris 168 fois
    156 depuis la dernière actualisation
  • Le résultat moyen est 4 sur 20
Statistiques - réponses
Par images Réponse % Correct
Wendy Marvell
76%
Wapol
68%
Whis
60%
Winry Rockbell
52%
Wing
36%
Wakatoshi Ushijima
23%
Whisper
20%
Watari
16%
Wolf
15%
William G Maryblood
11%
Wiz
11%
Wataru
8%
Witch Regret
6%
Walter C Dornez
5%
Wave
4%
Waver Velvet
2%
Worick Arcangelo
1%
Wanibe
0%
Wein Salema Arbalest
0%
Winnie
0%
Aucun quiz correspondant
Distribution des résultats
% des personnes avec chaque résultat
Percentile par nombre de réponses
Votre historique - résultats
Vous n’avez pas pris ce quiz depuis la dernière actualisation